Böhm Károly
Elmentve itt :
| Szerző: | |
|---|---|
| Adatforrás: | Philobibl |
| Forrásdokumentuma: | Echinox: 1989, 2.sz 8 p. p. |
| Dokumentumtípus: | Cikk |
| Nyelv: | magyar |
| LEADER | 00261nab a2200097 c 4500 | ||
|---|---|---|---|
| 001 | bibDOK00017714 | ||
| 005 | 20200924121204.4 | ||
| 008 | 060518s1989 hu hun | ||
| 100 | 1 | |a Ungvári Z. Imre | |
| 245 | 1 | 0 | |a Böhm Károly |c Ungvári Z. Imre |
| 773 | 0 | |t Echinox: 1989, 2.sz |g 8 p. p. | |